Online
Catalog

No son farsas : (Record no. 9432)

MARC details
000 -CABECERA
campo de control de longitud fija 00846cam a2200229 a 4500
001 - NÚMERO DE CONTROL
campo de control 000009672
005 - FECHA Y HORA DE LA ÚLTIMA TRANSACCIÓN
campo de control 20200929161651.0
008 - DATOS DE LONGITUD FIJA--INFORMACIÓN GENERAL
campo de control de longitud fija 790925s1974 cl 001 d spa
040 ## - FUENTE DE LA CATALOGACIÓN
Centro catalogador/agencia de origen DO-SdBNP
Lengua de catalogación spa
Centro/agencia transcriptor BNPHU
082 ## - NÚMERO DE LA CLASIFICACIÓN DECIMAL DEWEY
Número de clasificación 862.64
Número de documento/Ítem M828n
100 1# - ENTRADA PRINCIPAL--NOMBRE DE PERSONA
Nombre de persona Morales, José Ricardo,
Fechas asociadas al nombre 1915-
Forma completa/desarrollada del nombre (José Ricardo Morales Malva)
9 (RLIN) 24569
245 10 - MENCIÓN DE TÍTULO
Título No son farsas :
Resto del título cinco anuncios dramáticos /
Mención de responsabilidad, etc. José Ricardo Morales ; edición Mauricio Amster.
260 ## - PUBLICACIÓN, DISTRIBUCIÓN, ETC.
Lugar de publicación, distribución, etc. Santiago de Chile :
Nombre del editor, distribuidor, etc. Universitaria,
Fecha de publicación, distribución, etc. 1974.
300 ## - DESCRIPCIÓN FÍSICA
Extensión 237 p. ;
Dimensiones 19 cm.
490 1# - MENCIÓN DE SERIE
Mención de serie Teatro
505 0# - NOTA DE CONTENIDO CON FORMATO
Nota de contenido con formato Orfeo y el desodorante.--La cosa humana.--El inventario.--El material.--No hay que perder la cabeza.
650 #4 - PUNTO DE ACCESO ADICIONAL DE MATERIA--TÉRMINO DE MATERIA
Término de materia o nombre geográfico como elemento de entrada Teatro español
9 (RLIN) 3071
650 #4 - PUNTO DE ACCESO ADICIONAL DE MATERIA--TÉRMINO DE MATERIA
Término de materia o nombre geográfico como elemento de entrada Farsas
Subdivisión general Teatro
9 (RLIN) 24570
650 #4 - PUNTO DE ACCESO ADICIONAL DE MATERIA--TÉRMINO DE MATERIA
Término de materia o nombre geográfico como elemento de entrada Literatura española
9 (RLIN) 632
700 1# - PUNTO DE ACCESO ADICIONAL--NOMBRE DE PERSONA
Nombre de persona Amster, Mauricio
Término indicativo de función/relación ed.
9 (RLIN) 3441
830 #0 - PUNTO DE ACCESO ADICIONAL DE SERIE-TÍTULO UNIFORME
Título uniforme Teatro.
9 (RLIN) 5617
Holdings
Estado de retiro Estado de pérdida Restricciones de uso No para préstamo Código de colección Localización permanente Ubicación/localización actual Ubicación en estantería Fecha de adquisición Número de inventario Total de préstamos Signatura topográfica completa Código de barras Fecha visto por última vez Precio válido a partir de Tipo de ítem Koha
    Préstamo interno   Monografías: Libros y Folletos General General En catalogación 30.09.2009 LF1   862.64 M828n 9672-10 25.06.2020 25.06.2020 Préstamo interno

Powered by Koha